Normal view
MARC view
Entry Personal Name
001 - CONTROL NUMBER
- control field: 79879
003 - CONTROL NUMBER IDENTIFIER
- control field: OSt
005 - DATE AND TIME OF LATEST TRANSACTION
- control field: 20200926122407.0
008 - FIXED-LENGTH DATA ELEMENTS
- fixed length control field: 200926|| aca||aabn | a|a d
040 ## - CATALOGING SOURCE
- Original cataloging agency: OSt
- Transcribing agency: OSt
100 ## - HEADING--PERSONAL NAME
- Personal name: Wodeyar,Sadashiva Shivadeva
670 ## - SOURCE DATA FOUND
- Source citation: Work cat.: (OSt): Wodeyar,Sadashiva Shivadeva, Rani Chennamma, 2016









